000 00316nam a2200109Ia 4500
008 171211s9999 xx 000 0 und d
245 _aUsing Joomla! 2nd Edition
245 _cJennifer Gress and Ron Severdia
260 _c2014
650 _xWeb Development
856 _uhttp://down.ebook777.com/009/9781449345396.pdf
999 _c350100
_d350100